2026/27 Champions League Club Badges - Statistics

General Stats
  • This quiz has been taken 20 times
    10 since last reset
  • The average score is 23 of 24
Answer Stats
Picture Answer % Correct
Arsenal
100%
Aston Villa
100%
Atlético Madrid
100%
Barcelona
100%
Bayern Munich
100%
Borussia Dortmund
100%
Feyenoord
100%
Galatasaray
100%
Inter Milan
100%
Lille
100%
Manchester City
100%
Manchester United
100%
Napoli
100%
Paris Saint-Germain
100%
Porto
100%
PSV
100%
Real Betis
100%
Real Madrid
100%
Villarreal
100%
Slavia Prague
90%
VfB Stuttgart
90%
RB Leipzig
80%
RC Lens
80%
Shakhtar Donetsk
80%
No matching quizzes found
Score Distribution
Percent of People with Each Score
Percentile by Number Answered
Your Score History
You have not taken this quiz since the last reset